Aesthetic dentistry: operative dentistry -2 (Record no. 30717)

MARC details
000 -LEADER
fixed length control field 00759nam a2200193 a 4500
008 - FIXED-LENGTH DATA ELEMENTS--GENERAL INFORMATION
fixed length control field 150622s2005 ||||||||||||||||| || u
020 ## - INTERNATIONAL STANDARD BOOK NUMBER
International Standard Book Number 9781850970774
050 ## - LIBRARY OF CONGRESS CALL NUMBER
Classification number RK 529 Bar
100 ## - MAIN ENTRY--PERSONAL NAME
Personal name Brunton, Paul A
245 10 - TITLE STATEMENT
Title Aesthetic dentistry: operative dentistry -2
Statement of responsibility, etc. By David Bartlett and Paul A Brunton
260 ## - PUBLICATION, DISTRIBUTION, ETC.
Place of publication, distribution, etc. London:
Name of publisher, distributor, etc. Quintessence Publishing Co. Ltd
Date of publication, distribution, etc. 2005
300 ## - PHYSICAL DESCRIPTION
Extent 100p.: ill.
350 ## -
-- 54.00
490 ## -
-- Quintessentials of dental practice
650 ## - SUBJECT ADDED ENTRY--TOPICAL TERM
Topical term or geographic name entry element ANESTHESIA, DENTAL
650 ## - SUBJECT ADDED ENTRY--TOPICAL TERM
Topical term or geographic name entry element ANESTHESIA IN DENTISTRY
700 ## - ADDED ENTRY--PERSONAL NAME
Personal name Bartlett, David
995 ## -
-- MICHAEL CHILUFYA SATA OPEN ACCESS
-- 902990
-- CBU-SCHOOL OF MEDICINE LIBRARY (Ndola)
-- 54.00
-- RK 529 Bar
-- 1
-- AVAILABLE
-- Jun 25, 2015
-- 902990
-- Medical Library Open Access Collection
999 ## -
-- 30717
-- 30717
Holdings
Withdrawn status Lost status Source of classification or shelving scheme Damaged status Not for loan Permanent Location Current Location Shelving location Date acquired Total Checkouts Full call number Barcode Date last seen Price effective from Koha item type
          CBU-SCHOOL OF MEDICINE LIBRARY, NDOLA. CBU-SCHOOL OF MEDICINE LIBRARY, NDOLA.   11/30/2022   RK 529 Bar 902990 11/30/2022 11/30/2022 MONOGRAPH